Estadísticas para Banderas de países (Muy difícil)

Haz click aquí para intentar la prueba.

Estadísticas generales

  • Esta prueba ha sido intentada 363 veces
  • La puntuación promedio es 13 de 15

Estadísticas de respuestas

Respuesta% Correcto
Yemen
93%
Kirguistán
92%
Tonga
91%
Maldivas
90%
Omán
90%
Tayikistan
90%
Granada
89%
Myanmar
88%
Mauritania
83%
Nauru
83%
Tuvalu
82%
Vanuatu
81%
Islas Salomón
79%
Namibia
78%
San Cristóbal y Nieves
77%

Distribución de puntuación

Porcentaje por número respondido

Porcentaje de gente con cada puntuación

Historial de tus puntuaciones

No has intentado esta prueba.